| 000 | 00669nam a22001937a 4500 | ||
|---|---|---|---|
| 005 | 20230120134915.0 | ||
| 040 | _curs | ||
| 050 | _aKF 5624.61 I5 V35 2005 | ||
| 100 |
_93423 _aValencia, Edwin G. _eauthor |
||
| 245 |
_aIncome taxation _bprinciples and laws with accounting applications _cEdwin G. Valencia, Gregorio F. Roxas |
||
| 250 | _a2005-2006 revised edition | ||
| 260 |
_aBaguio City _bValencia Educational Supply |
||
| 336 |
_2rdacontent _atext _btxt |
||
| 337 |
_2rdamedia _aunmediated _bn |
||
| 338 |
_2rdacarrier _avolume _bnc |
||
| 650 | 0 |
_92915 _aIncome tax _vLaw and legislation _zPhilippines |
|
| 700 |
_92921 _aRoxas, Gregorio F. _eauthor |
||
| 942 |
_2lcc _cF |
||
| 999 |
_c67876 _d67876 |
||